000 02151nam a2200229 4500
001 0000000535
005 20250329165508.0
008 170718s2017 000 0 eng d
040 _aCO-CtgCURN
_bspa
_ccoctgcurn
082 0 _aTSI 2017
_bC112
100 1 _aCabarcas Duque, Marco Antonio.
245 1 0 _aAnálisis y diseño de las redes inalambricas de las sedes de laboratorio de sistemas y claustro san francisco para mejorar la calidad del internet en la corporacion universitaria rafael nuñez. /
_cMarco Antonio Cabarcas Duque; Docente: Marcos Soto Berrocal.
260 _aCartagena de Indias :
_bCorporacion Universitaria Rafael Nuñez,
_c2017.
504 _aTrabajo de grado (Tecnologo en sistemas de información y software). Corporacion Universitaria Rafael Nuñez. Facultad de ingenieria de sistema. Tecnologia en sistema de información y software, 2018.
520 _aDurante el analisis de las redes inalambricas de la sede de laboratorio de sistemas y Claustro San Francisco el dia 11 de mayo de 2017 se obtuvo información la cual evidenciaba que se esta empleando un sistema de red inalambrica que no abastece en su totalidad las sedes mencionadas, información que esta basada en la evaluacion que se realizo por medio del software netspot en cada sede, teniendo en cuenta la velocidad, intensidad de señal y latencia, los resultados revelaron que el estado de las redes no es optimo, el estado de las redes inalambricas diagnosticadas no es optimo, información que puede ser de valor para el area de TI en aras de tomar acciones correctivas que eviten una mayor deficiencia de la red, servicio que afecta directamente a todos los recursos tecnologicos institucionales.
650 0 _aSistemas de información y software
_xTesis y disertaciones academicas.
700 1 _aCabarcas Duque, Marco Antonio.
700 1 _aSoto Berrocal, Marcos.
856 _uhttps://unicurn.sharepoint.com/:b:/s/biblioteca/EZ7Gu47Umv5BgjL_9EGZmS0B2Kzn5raniuGfJFV1vxqilQ?e=w508Cp
_zClick aqui para ver el recurso en texto completo
942 _hTSI 2017
_iC112
_2ddc
_cTG
999 _c5932
_d5932